TV Show Characters (1980s) Quiz Stats

Quiz Updated Nov 11, 2015

Challenge
Share
Tweet
Score 0/24 Timer 05:00
2 Plays Today
% Correct
Homer Simpson (The Simpsons)
98.7%
Jerry Seinfeld (Seinfeld)
92.7%
Alf (Alf)
92.5%
Rose Nylund (The Golden Girls)
85.9%
Roseanne Conner (Roseanne)
84.1%
Steve Urkel (Family Matters)
84.1%
Thomas Magnum (Magnum P.I.)
79.9%
Smurfette (The Smurfs)
74.4%
Peggy Bundy (Married... with Children)
71.7%
Captain Jean-Luc Picard (Star Trek: The Next Generation)
70.7%
Michael Knight (Knight Rider)
69.8%
Clair Huxtable (The Cosby Show)
69.4%
% Correct
Jesse Katsopolis (Full House)
67.1%
Alex P. Keaton (Family Ties)
66.3%
Tony Micelli (Who's The Boss?)
65.5%
Carla Tortelli (Cheers)
62.5%
Skeletor (He-Man)
61.2%
Charles (Charles in Charge)
58.8%
Kevin Arnold (The Wonder Years)
54.1%
MacGyver (MacGyver)
50.9%
Detective Ricardo Tubbs (Miami Vice)
43.5%
Jessica Fletcher (Murder, She Wrote)
43.2%
Captain H. M. 'Howling Mad' Murdock (The A-Team)
28.7%
Krystle Carrington (Dynasty)
22%

You're not logged in!

Compare scores with friends on all Sporcle quizzes.
Join for Free
OR
Log In

You Might Also Like...

Show Comments

Extras

Top Quizzes Today


Score Distribution

Your Account Isn't Verified!

In order to create a playlist on Sporcle, you need to verify the email address you used during registration. Go to your Sporcle Settings to finish the process.

Report this User

Report this user for behavior that violates our Community Guidelines.

Details: